[Event "CAN-op"]
[Site "Edmonton CAN"]
[Date "2005.07.14"]
[Round "7"]
[White "Tuason, Alfred"]
[Black "Panjwani, Dilip"]
[Result "0-1"]
[WhiteElo "1356"]
[BlackElo "1662"]
[PlyCount "88"]
[GameId "2160767910901972"]
[EventDate "2005.07.09"]
[EventType "swiss"]
[EventRounds "10"]
[EventCountry "CAN"]
[SourceTitle "CBM 107 Extra"]
[Source "ChessBase"]
[SourceDate "2005.09.01"]
[SourceVersion "1"]
[SourceVersionDate "2005.09.01"]
[SourceQuality "1"]

1. e4 c5 2. c3 Nf6 3. Bd3 Nc6 4. Nf3 e5 5. Bc2 d5 6. exd5 Qxd5 7. O-O Bg4 8. Re1 Bxf3 9. Qxf3 Qxf3 10. gxf3 O-O-O 11. d3 Nh5 12. Be3 f6 13. Nd2 b6 14. Rad1 Ne7 15. Ne4 Ng6 16. Ng3 Nhf4 17. d4 Nh4 18. Be4 cxd4 19. cxd4 Bb4 20. Rf1 Nh3+ 21. Kh1 exd4 22. Rxd4 Rxd4 23. Bxd4 Ng5 24. Nf5 Nhxf3 25. Bxf3 Nxf3 26. Be3 g6 27. Kg2 Ne5 28. Nd4 Bc5 29. Rc1 Kb7 30. Nf3 Bxe3 31. fxe3 Rd8 32. Nxe5 Rd2+ 33. Kg3 fxe5 34. Rf1 Rxb2 35. Rf7+ Ka6 36. Rxh7 Rxa2 37. h4 Ra3 38. Kf3 b5 39. Rh6 b4 40. Rxg6+ Kb5 41. Rg1 b3 42. h5 Ra6 43. Rg6 b2 44. Rg1 Ra1 0-1

[Event "CAN-op"]
[Site "Edmonton CAN"]
[Date "2005.07.14"]
[Round "7"]
[White "Tyomkin, Dimitri"]
[Black "Peter, Steven"]
[Result "0-1"]
[WhiteElo "2549"]
[BlackElo "2297"]
[PlyCount "44"]
[GameId "2160767910901973"]
[EventDate "2005.07.09"]
[EventType "swiss"]
[EventRounds "10"]
[EventCountry "CAN"]
[SourceTitle "CBM 107 Extra"]
[Source "ChessBase"]
[SourceDate "2005.09.01"]
[SourceVersion "1"]
[SourceVersionDate "2005.09.01"]
[SourceQuality "1"]

1. e4 c5 2. Nf3 Nc6 3. Bb5 g6 4. O-O Bg7 5. c3 Nf6 6. Re1 O-O 7. h3 e5 8. d4 cxd4 9. cxd4 exd4 10. e5 Nd5 11. Qb3 Nb6 12. Bg5 Qc7 13. Bf4 Na5 14. Qd1 Qc5 15. Na3 Nc6 16. Rc1 Qb4 17. Re2 d3 18. Bxd3 Qxf4 19. Re4 Qf5 20. Nb5 d5 21. exd6 Qf6 22. Nc7 Bf5 0-1

[Event "CAN-op"]
[Site "Edmonton CAN"]
[Date "2005.07.14"]
[Round "7"]
[White "Venkatesh, Marani Rajendran"]
[Black "Pechenkin, Vladimir"]
[Result "1-0"]
[WhiteElo "2475"]
[BlackElo "2263"]
[PlyCount "145"]
[GameId "2160767910901974"]
[EventDate "2005.07.09"]
[EventType "swiss"]
[EventRounds "10"]
[EventCountry "CAN"]
[SourceTitle "CBM 107 Extra"]
[Source "ChessBase"]
[SourceDate "2005.09.01"]
[SourceVersion "1"]
[SourceVersionDate "2005.09.01"]
[SourceQuality "1"]

1. e4 d5 2. exd5 Nf6 3. d4 Nxd5 4. Nf3 g6 5. Be2 Bg7 6. O-O O-O 7. h3 Nc6 8. c4 Nb6 9. Be3 e5 10. d5 Ne7 11. Nc3 Nf5 12. Bg5 f6 13. Bc1 c6 14. dxc6 bxc6 15. Ne4 Be6 16. b3 Qc7 17. Ba3 Rfd8 18. Qc2 Kh8 19. Rad1 Bg8 20. Rxd8 Rxd8 21. Rd1 Nd4 22. Nxd4 exd4 23. c5 Nd5 24. Nd6 f5 25. Bc4 Qe7 26. Qd2 Rf8 27. Bxd5 Bxd5 28. Bb2 f4 29. Bxd4 Qg5 30. Bxg7+ Kxg7 31. f3 Kg8 32. Kh1 Rf6 33. Re1 Re6 34. Rxe6 Bxe6 35. Ne4 Qh4 36. Kg1 Bd5 37. Nc3 Bxf3 38. gxf3 Qg3+ 39. Kf1 Qxf3+ 40. Ke1 Qxh3 41. Qd4 Qg3+ 42. Kd2 Qg2+ 43. Kd3 f3 44. Ne4 Qe2+ 45. Kc3 Qe1+ 46. Kc4 Qe2+ 47. Qd3 a5 48. Ng5 Qxa2 49. Qd8+ Kg7 50. Qe7+ Kh6 51. Nf7+ Kg7 52. Ne5+ Kh6 53. Qf8+ Kg5 54. Nxf3+ Kg4 55. Ne5+ Kg5 56. Qe7+ Kf5 57. Nxc6 Qc2+ 58. Kb5 Qxb3+ 59. Kxa5 Qa3+ 60. Kb6 Qb2+ 61. Ka7 Qa2+ 62. Kb8 Qb2+ 63. Kc8 h5 64. Qf7+ Kg5 65. Ne7 Qh8+ 66. Kd7 h4 67. Qxg6+ Kf4 68. Qd3 Qh5 69. Qd6+ Ke4 70. Qe6+ Kd4 71. c6 h3 72. c7 Qb5+ 73. Nc6+ 1-0

[Event "CAN-op"]
[Site "Edmonton CAN"]
[Date "2005.07.14"]
[Round "7"]
[White "Vincent, Trevor"]
[Black "McGowan, Gary"]
[Result "1/2-1/2"]
[WhiteElo "2000"]
[BlackElo "2415"]
[PlyCount "103"]
[GameId "2160767910901975"]
[EventDate "2005.07.09"]
[EventType "swiss"]
[EventRounds "10"]
[EventCountry "CAN"]
[SourceTitle "CBM 107 Extra"]
[Source "ChessBase"]
[SourceDate "2005.09.01"]
[SourceVersion "1"]
[SourceVersionDate "2005.09.01"]
[SourceQuality "1"]

1. c4 g6 2. g3 Bg7 3. Bg2 e5 4. Nc3 Nc6 5. e4 d6 6. Nge2 Nge7 7. O-O O-O 8. d3 h6 9. Nd5 f5 10. Rb1 a5 11. Be3 Kh7 12. Qd2 Be6 13. f3 Rb8 14. Nxe7 Qxe7 15. Rbc1 Qd7 16. exf5 Bxf5 17. d4 exd4 18. Nxd4 Nxd4 19. Bxd4 Bxd4+ 20. Qxd4 Rbe8 21. Rfe1 b6 22. f4 Re7 23. b3 Rfe8 24. Kf2 h5 25. Qd2 Rxe1 26. Rxe1 Rxe1 27. Qxe1 Qg7 28. Qd2 Qa1 29. Bf3 Kh6 30. Bd1 Kh7 31. Ke3 Qb1 32. Qd4 Kg8 33. Qd2 Qe4+ 34. Kf2 Kf8 35. Bf3 Qb1 36. Qd4 Qxa2+ 37. Ke1 Qb1+ 38. Kf2 Qc2+ 39. Ke1 Be6 40. Qh8+ Ke7 41. Bc6 Qc1+ 42. Kf2 Qd2+ 43. Kg1 Qe3+ 44. Kg2 Bf7 45. Qc8 Qxb3 46. Qxc7+ Kf6 47. Qxd6+ Kg7 48. Qe5+ Kh7 49. Bd5 Qc2+ 50. Kg1 Qd1+ 51. Kg2 Qc2+ 52. Kg1 1/2-1/2

[Event "CAN-op"]
[Site "Edmonton CAN"]
[Date "2005.07.14"]
[Round "7"]
[White "Walker, Adrian1"]
[Black "Reuter, Gerhard"]
[Result "1-0"]
[WhiteElo "1559"]
[BlackElo "1749"]
[PlyCount "109"]
[GameId "2160767910901976"]
[EventDate "2005.07.09"]
[EventType "swiss"]
[EventRounds "10"]
[EventCountry "CAN"]
[SourceTitle "CBM 107 Extra"]
[Source "ChessBase"]
[SourceDate "2005.09.01"]
[SourceVersion "1"]
[SourceVersionDate "2005.09.01"]
[SourceQuality "1"]

1. e4 c6 2. d4 d5 3. e5 Bf5 4. Ne2 e6 5. Ng3 Bg6 6. Bd3 c5 7. c3 Nc6 8. O-O Qb6 9. Ne2 cxd4 10. cxd4 Nge7 11. a3 Bh5 12. Be3 Nf5 13. Bxf5 exf5 14. Qd3 Bxe2 15. Qxe2 f4 16. Bxf4 Nxd4 17. Qd3 Ne6 18. Bc1 Rd8 19. b4 Be7 20. Kh1 O-O 21. Nc3 Qd4 22. Qxd4 Nxd4 23. Rd1 Nb3 24. Rb1 Nxc1 25. Rbxc1 d4 26. Nb5 d3 27. f4 a6 28. Nc3 Rd4 29. g3 Rfd8 30. Kg2 a5 31. Nb5 R4d5 32. Rc7 Bxb4 33. axb4 Rxb5 34. bxa5 Rxa5 35. Rxd3 Rf8 36. Rxb7 Ra2+ 37. Kh3 Re2 38. Rdd7 g6 39. Rb6 g5 40. Rf6 h5 41. Rf5 g4+ 42. Kh4 Rxh2+ 43. Kg5 h4 44. gxh4 g3 45. Rd1 g2 46. Rg1 Kh7 47. Kh5 Rg8 48. Rg5 Rxg5+ 49. Kxg5 Kg7 50. Kg4 Kg6 51. Kg3 Rh1 52. Rxg2 Kh5 53. Kf3 Rxh4 54. Rg7 Rh3+ 55. Ke4 1-0

[Event "CAN-op"]
[Site "Edmonton CAN"]
[Date "2005.07.14"]
[Round "7"]
[White "Wang, Hao Yuan"]
[Black "Laboucane, Randy"]
[Result "1/2-1/2"]
[WhiteElo "1271"]
[BlackElo "1626"]
[PlyCount "92"]
[GameId "2160767910901977"]
[EventDate "2005.07.09"]
[EventType "swiss"]
[EventRounds "10"]
[EventCountry "CAN"]
[SourceTitle "CBM 107 Extra"]
[Source "ChessBase"]
[SourceDate "2005.09.01"]
[SourceVersion "1"]
[SourceVersionDate "2005.09.01"]
[SourceQuality "1"]

1. d4 Nf6 2. c4 e6 3. Nc3 c5 4. d5 exd5 5. cxd5 d6 6. e4 Be7 7. Nf3 Nbd7 8. Bd3 h6 9. Bf4 Ng4 10. Qd2 a6 11. a4 Nde5 12. Be2 Bf6 13. Nd1 Nxf3+ 14. Bxf3 Bg5 15. Be3 Bxe3 16. Nxe3 Ne5 17. Be2 Bd7 18. f4 Ng6 19. Nc4 Qh4+ 20. g3 Qf6 21. Qc3 Qxc3+ 22. bxc3 Ke7 23. e5 dxe5 24. fxe5 Rhd8 25. d6+ Kf8 26. Bf3 Rab8 27. Bh5 Nxe5 28. Nxe5 Re8 29. O-O Rxe5 30. Rxf7+ Kg8 31. Rxd7 Rxh5 32. Rd1 b5 33. Ra7 b4 34. cxb4 cxb4 35. d7 Rd8 36. Rxa6 Rc5 37. Re6 Kf7 38. Re3 Rc7 39. Rf1+ Kg6 40. Re6+ Kh7 41. Rb1 Rc4 42. Ree1 Rxd7 43. a5 Rd2 44. Ra1 Rcc2 45. a6 Rg2+ 46. Kh1 Rxh2+ 1/2-1/2

[Event "CAN-op"]
[Site "Edmonton CAN"]
[Date "2005.07.14"]
[Round "7"]
[White "White, Chris"]
[Black "Enns, Edward"]
[Result "1-0"]
[WhiteElo "1597"]
[BlackElo "1245"]
[PlyCount "102"]
[GameId "2160767910901978"]
[EventDate "2005.07.09"]
[EventType "swiss"]
[EventRounds "10"]
[EventCountry "CAN"]
[SourceTitle "CBM 107 Extra"]
[Source "ChessBase"]
[SourceDate "2005.09.01"]
[SourceVersion "1"]
[SourceVersionDate "2005.09.01"]
[SourceQuality "1"]

1. d4 Nf6 2. c4 g6 3. Nc3 Bg7 4. e4 O-O 5. e5 Ne8 6. Nf3 d6 7. Bf4 Bg4 8. Be2 dxe5 9. Bxe5 Nd7 10. Bxg7 Kxg7 11. O-O Nef6 12. Qb3 Rb8 13. Rad1 c6 14. Ne5 Bxe2 15. Nxe2 Qb6 16. Nxd7 Nxd7 17. Qc3 Kg8 18. Rd3 Rfe8 19. Rfd1 Qc7 20. d5 Nc5 21. Rd4 e5 22. d6 Qd7 23. Rh4 Re6 24. Qh3 f5 25. Nc3 Rxd6 26. Re1 Nd3 27. Rf1 Nf4 28. Qe3 g5 29. Qxe5 gxh4 30. Qxf4 Rd4 31. Qxb8+ Kf7 32. Qh8 Rg4 33. Qxh7+ Rg7 34. Qxh4 Qe6 35. Qh5+ Qg6 36. Qxg6+ Rxg6 37. Rd1 Ke7 38. f3 Re6 39. Kf2 a6 40. Re1 Rxe1 41. Kxe1 Ke6 42. Kd2 c5 43. Ke3 b6 44. h4 Ke5 45. h5 f4+ 46. Kd3 Kf5 47. h6 Kg6 48. Ke4 Kxh6 49. Kxf4 Kg6 50. Ke5 Kg5 51. f4+ Kg6 1-0

[Event "CAN-op"]
[Site "Edmonton CAN"]
[Date "2005.07.14"]
[Round "7"]
[White "Wong, Wylon"]
[Black "Klein, Felix"]
[Result "1/2-1/2"]
[WhiteElo "1894"]
[BlackElo "2123"]
[PlyCount "81"]
[GameId "2160767910901979"]
[EventDate "2005.07.09"]
[EventType "swiss"]
[EventRounds "10"]
[EventCountry "CAN"]
[SourceTitle "CBM 107 Extra"]
[Source "ChessBase"]
[SourceDate "2005.09.01"]
[SourceVersion "1"]
[SourceVersionDate "2005.09.01"]
[SourceQuality "1"]

1. d4 d5 2. c4 e6 3. Nc3 c6 4. e3 Bd6 5. Bd2 f5 6. Nf3 Nf6 7. Qc2 O-O 8. Bd3 Ne4 9. c5 Bc7 10. b4 Nd7 11. a4 e5 12. dxe5 Nxe5 13. Nxe5 Bxe5 14. O-O Rf6 15. f4 Bc7 16. Bxe4 fxe4 17. Ne2 Rh6 18. g3 Bh3 19. Rf2 Qd7 20. Bc3 Rf8 21. Nd4 Bd8 22. b5 Bf6 23. bxc6 bxc6 24. Rb1 Bxd4 25. Bxd4 Bg4 26. Qb2 Bf3 27. Qb7 Qg4 28. Kf1 Qxg3 29. Rbb2 Qg4 30. Qxa7 Rg6 31. Ke1 Qh4 32. Kf1 Qh3+ 33. Ke1 Qh4 34. Kf1 Qg4 35. Ke1 Qh4 36. Kf1 Qh3+ 37. Ke1 Qh4 38. Kf1 Qg4 39. Ke1 Qh4 40. Kf1 Qg4 41. Ke1 1/2-1/2

[Event "CAN-op"]
[Site "Edmonton CAN"]
[Date "2005.07.14"]
[Round "7"]
[White "Yoos, John"]
[Black "Neven, Knut"]
[Result "1-0"]
[WhiteElo "2442"]
[BlackElo "2233"]
[PlyCount "109"]
[GameId "2160767910901980"]
[EventDate "2005.07.09"]
[EventType "swiss"]
[EventRounds "10"]
[EventCountry "CAN"]
[SourceTitle "CBM 107 Extra"]
[Source "ChessBase"]
[SourceDate "2005.09.01"]
[SourceVersion "1"]
[SourceVersionDate "2005.09.01"]
[SourceQuality "1"]

1. e4 e6 2. d4 d5 3. e5 c5 4. c3 Nc6 5. Nf3 Nh6 6. Bd3 cxd4 7. cxd4 Nf5 8. Bxf5 exf5 9. Nc3 Be6 10. Ne2 Qb6 11. h4 h6 12. Kf1 g6 13. Kg1 Be7 14. Rb1 a5 15. Bf4 Kd7 16. Qd2 Rac8 17. g3 Bb4 18. Qd1 Be7 19. Kg2 Qa6 20. Nc3 Bb4 21. Na4 b6 22. a3 Bf8 23. Qb3 b5 24. Qd3 Ra8 25. Nc5+ Bxc5 26. dxc5 b4 27. Qe3 h5 28. Rhd1 Rab8 29. Qe1 a4 30. Bd2 bxa3 31. bxa3 Rb3 32. Rxb3 axb3 33. Bb4 Qc4 34. Nd2 Qd3 35. Qe3 Qxe3 36. fxe3 Rb8 37. Nxb3 Nxb4 38. axb4 Rxb4 39. Nd4 Kc7 40. Ra1 Kb7 41. c6+ Kb8 42. Kf3 Rc4 43. Ra3 Rc1 44. Kf4 Rg1 45. Rb3+ Kc8 46. Rb7 g5+ 47. Kxg5 Rxg3+ 48. Kf6 Kd8 49. Nxe6+ fxe6 50. Kxe6 Rg6+ 51. Kxd5 Rg1 52. e6 Rd1+ 53. Ke5 Re1 54. e7+ Ke8 55. Kf6 1-0

[Event "CAN-op"]
[Site "Edmonton CAN"]
[Date "2005.07.14"]
[Round "7"]
[White "Yuan, Michael"]
[Black "Sandipan, Chanda"]
[Result "0-1"]
[WhiteElo "2119"]
[BlackElo "2600"]
[PlyCount "78"]
[GameId "2160767910901981"]
[EventDate "2005.07.09"]
[EventType "swiss"]
[EventRounds "10"]
[EventCountry "CAN"]
[SourceTitle "CBM 107 Extra"]
[Source "ChessBase"]
[SourceDate "2005.09.01"]
[SourceVersion "1"]
[SourceVersionDate "2005.09.01"]
[SourceQuality "1"]

1. e4 c5 2. Nf3 d6 3. d4 cxd4 4. Nxd4 Nf6 5. Nc3 a6 6. Bg5 e6 7. f4 Qb6 8. Qd2 Nc6 9. O-O-O Qxd4 10. Qxd4 Nxd4 11. Rxd4 Be7 12. Be2 Bd7 13. Bf3 Bc6 14. e5 Bxf3 15. gxf3 dxe5 16. fxe5 Nd7 17. Bxe7 Kxe7 18. f4 g5 19. Rhd1 Rad8 20. fxg5 h5 21. Re1 h4 22. Rb4 Rb8 23. a4 h3 24. Re3 Rh5 25. Ne4 Nxe5 26. Nc5 Rxg5 27. Rxh3 b6 28. Nxa6 Ra8 29. Nc7 Rg1+ 30. Kd2 Rd8+ 31. Ke3 Rdd1 32. Nb5 Rg2 33. Na3 Re1+ 34. Kd4 Nc6+ 35. Kc3 Nxb4 36. Kxb4 Re4+ 37. Kb3 Rgg4 38. c4 Rh4 39. Rxh4 Rxh4 0-1

[Event "CAN-op"]
[Site "Edmonton CAN"]
[Date "2005.07.15"]
[Round "8"]
[White "Doubleday, William"]
[Black "Gillanders, Robert"]
[Result "1/2-1/2"]
[WhiteElo "2069"]
[BlackElo "1765"]
[PlyCount "139"]
[GameId "2160767910901983"]
[EventDate "2005.07.09"]
[EventType "swiss"]
[EventRounds "10"]
[EventCountry "CAN"]
[SourceTitle "CBM 107 Extra"]
[Source "ChessBase"]
[SourceDate "2005.09.01"]
[SourceVersion "1"]
[SourceVersionDate "2005.09.01"]
[SourceQuality "1"]

1. d4 Nf6 2. c4 c5 3. d5 e6 4. Nc3 exd5 5. cxd5 d6 6. Nf3 g6 7. Nd2 Nbd7 8. e4 a6 9. a4 Ne5 10. Be2 Bg7 11. O-O g5 12. Nc4 Nxc4 13. Bxc4 Ng4 14. Be2 Ne5 15. Be3 h5 16. Qd2 g4 17. Bg5 f6 18. Bf4 Qe7 19. f3 Ng6 20. Be3 gxf3 21. Bxf3 Ne5 22. Be2 Bg4 23. h3 Bd7 24. Rab1 Qf7 25. Bf4 Qg6 26. Kh1 Bh6 27. Bxh6 Rxh6 28. Qf4 Ke7 29. b3 Rg8 30. Rg1 Rh7 31. Rbd1 Qg5 32. Rdf1 Qxf4 33. Rxf4 Rg3 34. Bf3 Rhg7 35. Ne2 R3g5 36. Rh4 Be8 37. Rf4 Nxf3 38. Rxf3 b5 39. axb5 axb5 40. Nf4 Bd7 41. Ra1 Re5 42. Re3 Reg5 43. Kg1 Rg3 44. Rae1 h4 45. Kf2 Kf7 46. Rxg3 Rxg3 47. Re3 Rg8 48. Rf3 Rg5 49. Nd3 Ke7 50. Rf4 Rg3 51. Rf3 Rxf3+ 52. Kxf3 f5 53. e5 c4 54. bxc4 bxc4 55. exd6+ Kxd6 56. Nf4 Be8 57. g3 hxg3 58. Kxg3 Ba4 59. Ne2 Ke5 60. h4 Be8 61. Nc3 f4+ 62. Kf2 Bh5 63. Kg2 Bg4 64. Kf2 Kd4 65. d6 Kxc3 66. h5 Kb3 67. h6 c3 68. h7 c2 69. h8=Q c1=Q 70. Qb8+ 1/2-1/2

[Event "CAN-op"]
[Site "Edmonton CAN"]
[Date "2005.07.15"]
[Round "8"]
[White "Dougherty, Michael"]
[Black "Wong, Wylon"]
[Result "0-1"]
[WhiteElo "2332"]
[BlackElo "1894"]
[PlyCount "78"]
[GameId "2160767910901984"]
[EventDate "2005.07.09"]
[EventType "swiss"]
[EventRounds "10"]
[EventCountry "CAN"]
[SourceTitle "CBM 107 Extra"]
[Source "ChessBase"]
[SourceDate "2005.09.01"]
[SourceVersion "1"]
[SourceVersionDate "2005.09.01"]
[SourceQuality "1"]

1. d4 Nf6 2. Nf3 d6 3. Nc3 g6 4. e4 Bg7 5. h3 O-O 6. Be3 Nbd7 7. e5 Ne8 8. Qd2 c6 9. Bc4 Nc7 10. O-O-O b5 11. exd6 exd6 12. Bd3 a5 13. Bh6 Nf6 14. Bxg7 Kxg7 15. Ne4 Nfd5 16. h4 h5 17. Nfg5 Bf5 18. f3 Nb4 19. g4 Nxd3+ 20. cxd3 hxg4 21. fxg4 Bxg4 22. Rdg1 Bh5 23. Ng3 Rh8 24. Qf4 Qd7 25. Rf1 Raf8 26. Qf6+ Kg8 27. Rhg1 Nd5 28. N5e4 Bg4 29. Qg5 Kg7 30. h5 Rh6 31. Nxd6 Qxd6 32. Qxg4 Ne7 33. Re1 Kh7 34. Ne4 Qd8 35. Nf6+ Kg7 36. Ref1 Nd5 37. hxg6 Nxf6 38. Rxf6 Qxf6 39. gxf7+ Rg6 0-1

[Event "CAN-op"]
[Site "Edmonton CAN"]
[Date "2005.07.15"]
[Round "8"]
[White "Dzieciolowski, Piotr"]
[Black "Chan, Michael2"]
[Result "0-1"]
[WhiteElo "1686"]
[BlackElo "1700"]
[PlyCount "32"]
[GameId "2160767910901985"]
[EventDate "2005.07.09"]
[EventType "swiss"]
[EventRounds "10"]
[EventCountry "CAN"]
[SourceTitle "CBM 107 Extra"]
[Source "ChessBase"]
[SourceDate "2005.09.01"]
[SourceVersion "1"]
[SourceVersionDate "2005.09.01"]
[SourceQuality "1"]

1. e4 e5 2. Nf3 Nc6 3. Bb5 a6 4. Ba4 Nf6 5. O-O b5 6. Bb3 Bc5 7. Re1 d6 8. c3 Bg4 9. h3 Bh5 10. Bc2 Qd7 11. d3 Rg8 12. Be3 g5 13. g4 Nxg4 14. Bxc5 dxc5 15. Nxe5 Ncxe5 16. hxg4 Bxg4 0-1

[Event "CAN-op"]
[Site "Edmonton CAN"]
[Date "2005.07.15"]
[Round "8"]
[White "Escandor, Manuel Omana"]
[Black "Walker, Adrian1"]
[Result "1-0"]
[WhiteElo "1787"]
[BlackElo "1559"]
[PlyCount "95"]
[GameId "2160767910901986"]
[EventDate "2005.07.09"]
[EventType "swiss"]
[EventRounds "10"]
[EventCountry "CAN"]
[SourceTitle "CBM 107 Extra"]
[Source "ChessBase"]
[SourceDate "2005.09.01"]
[SourceVersion "1"]
[SourceVersionDate "2005.09.01"]
[SourceQuality "1"]

1. e4 e5 2. Nf3 Nc6 3. Bc4 Bc5 4. O-O Nf6 5. Nc3 d6 6. h3 O-O 7. d3 h6 8. Kh1 Re8 9. Nh2 a6 10. a3 Rf8 11. f4 Ba7 12. f5 b5 13. Ba2 Bb7 14. Rf3 Nh5 15. g4 Nf6 16. Rg3 Nh7 17. Ne2 Ne7 18. Nf3 d5 19. Nxe5 dxe4 20. d4 c5 21. Be3 Bb8 22. Kg1 Nd5 23. c3 f6 24. Bxd5+ Bxd5 25. Ng6 Re8 26. Ngf4 c4 27. h4 Bb7 28. Rg2 Bd6 29. b4 Qb8 30. Kf2 Kf7 31. Qg1 Rg8 32. Ne6 Nf8 33. g5 Nxe6 34. fxe6+ Kxe6 35. gxf6 gxf6 36. d5+ Kxd5 37. Rd1+ Ke5 38. Bf4+ Kf5 39. Rxg8 e3+ 40. Ke1 Qxg8 41. Qxg8 Rxg8 42. Rxd6 Re8 43. Bxh6 Ke5 44. Bf4+ Kf5 45. Rd4 Bf3 46. Ng3+ Kg6 47. Rd6 Bb7 48. h5+ 1-0

[Event "CAN-op"]
[Site "Edmonton CAN"]
[Date "2005.07.15"]
[Round "8"]
[White "Gauer, Kai"]
[Black "Dewindt, Cor"]
[Result "1/2-1/2"]
[WhiteElo "1132"]
[BlackElo "1414"]
[PlyCount "162"]
[GameId "2160767910901987"]
[EventDate "2005.07.09"]
[EventType "swiss"]
[EventRounds "10"]
[EventCountry "CAN"]
[SourceTitle "CBM 107 Extra"]
[Source "ChessBase"]
[SourceDate "2005.09.01"]
[SourceVersion "1"]
[SourceVersionDate "2005.09.01"]
[SourceQuality "1"]

1. d4 f5 2. e3 Nf6 3. Nd2 g6 4. Bc4 e6 5. a3 Bg7 6. f4 d5 7. Be2 Bd7 8. Nh3 Nc6 9. b3 a6 10. c4 dxc4 11. Bxc4 b5 12. Be2 Ne7 13. b4 Bc6 14. Bf3 Ned5 15. Nb3 Nd7 16. Nf2 Nc3 17. Qc2 Bxf3 18. gxf3 Nd5 19. h4 h5 20. Nc5 Nxc5 21. Qxc5 Qd6 22. Qxd6 cxd6 23. Bd2 Rc8 24. Rc1 Rxc1+ 25. Bxc1 Kd7 26. Nh3 Rc8 27. Kd2 Ke7 28. Rg1 Kf6 29. Ke2 Rc2+ 30. Kd3 Rc3+ 31. Ke2 Bh6 32. Ng5 Bxg5 33. hxg5+ Ke7 34. Rd1 Nb6 35. Bb2 Rc2+ 36. Rd2 Rxd2+ 37. Kxd2 Nc4+ 38. Kc3 Nxe3 39. Kd3 Ng2 40. d5 Nxf4+ 41. Kd4 h4 42. dxe6 Nxe6+ 43. Ke3 Nxg5 44. f4 Ne6 45. Kf3 h3 46. Bc1 h2 47. Kg2 Nxf4+ 48. Bxf4 d5 49. Kxh2 Kf6 50. Kg3 g5 51. Bd6 d4 52. Kf3 g4+ 53. Kf4 d3 54. Be5+ Kg6 55. Ke3 Kg5 56. Bf4+ Kh4 57. Kxd3 g3 58. Be3 Kg4 59. Ke2 f4 60. Bxf4 Kxf4 61. Kf1 Ke3 62. Kg2 Kd3 63. Kxg3 Kc3 64. Kf3 Kb3 65. Ke3 Kxa3 66. Kd4 Kxb4 67. Kd3 Kb3 68. Kd2 Kb2 69. Kd3 Kb3 70. Kd2 a5 71. Kc1 a4 72. Kb1 b4 73. Ka1 a3 74. Kb1 Ka4 75. Ka2 b3+ 76. Ka1 Kb4 77. Kb1 Kc3 78. Ka1 b2+ 79. Kb1 Kb4 80. Ka2 Kc3 81. Kb1 Kb3 1/2-1/2

[Event "CAN-op"]
[Site "Edmonton CAN"]
[Date "2005.07.15"]
[Round "8"]
[White "Haley, Phil"]
[Black "Jones, Avery"]
[Result "1/2-1/2"]
[WhiteElo "1772"]
[BlackElo "1582"]
[PlyCount "91"]
[GameId "2160767910901988"]
[EventDate "2005.07.09"]
[EventType "swiss"]
[EventRounds "10"]
[EventCountry "CAN"]
[SourceTitle "CBM 107 Extra"]
[Source "ChessBase"]
[SourceDate "2005.09.01"]
[SourceVersion "1"]
[SourceVersionDate "2005.09.01"]
[SourceQuality "1"]

1. d4 d5 2. Nf3 e6 3. Bf4 Be7 4. e3 Nf6 5. h3 O-O 6. Bd3 c6 7. c3 Ne4 8. Nbd2 f5 9. Qe2 Nd7 10. Ne5 a6 11. Nxd7 Bxd7 12. Nf3 Qa5 13. O-O Qd8 14. Ne5 Be8 15. f3 Nf6 16. e4 Nh5 17. Bh2 f4 18. Qc2 g6 19. Kf2 Bh4+ 20. Ke2 Bg3 21. Bg1 Kg7 22. Kd1 Rc8 23. Qd2 Bh4 24. Rc1 Ng3 25. Re1 Nh5 26. Re2 Ng3 27. Re1 dxe4 28. fxe4 g5 29. Nf3 Bh5 30. Bf2 Bxf3+ 31. gxf3 Qa5 32. b3 Qc7 33. Rc2 Rcd8 34. Kc1 Qa5 35. Kb1 Qc7 36. c4 a5 37. Qc3 Rfe8 38. d5+ e5 39. Rd1 c5 40. Be1 b6 41. Qb2 Kf6 42. Bc3 Qd6 43. Bf1 Rb8 44. Ka1 Ra8 45. a4 Re7 46. Bg2 1/2-1/2

[Event "CAN-op"]
[Site "Edmonton CAN"]
[Date "2005.07.15"]
[Round "8"]
[White "Lane, Travis"]
[Black "Gonzalez, Ivan1"]
[Result "0-1"]
[WhiteElo "2037"]
[BlackElo "1839"]
[PlyCount "40"]
[GameId "2160767910901990"]
[EventDate "2005.07.09"]
[EventType "swiss"]
[EventRounds "10"]
[EventCountry "CAN"]
[SourceTitle "CBM 107 Extra"]
[Source "ChessBase"]
[SourceDate "2005.09.01"]
[SourceVersion "1"]
[SourceVersionDate "2005.09.01"]
[SourceQuality "1"]

1. e4 e6 2. d4 d5 3. e5 c5 4. Nf3 Nc6 5. Bd3 Bd7 6. O-O Rc8 7. dxc5 Bxc5 8. Qe2 a6 9. c3 Nge7 10. Rd1 Qc7 11. Bf4 Ng6 12. Bg3 O-O 13. h4 f5 14. exf6 Qxg3 15. Kh1 Qg4 16. b4 Ba7 17. c4 Rxf6 18. cxd5 exd5 19. Bxg6 Rxg6 20. Rxd5 Re8 0-1

[Event "CAN-op"]
[Site "Edmonton CAN"]
[Date "2005.07.15"]
[Round "8"]
[White "MacFarlane, Donald"]
[Black "Greber, Caitlin"]
[Result "1-0"]
[WhiteElo "1479"]
[BlackElo "1060"]
[PlyCount "53"]
[GameId "2160767910901991"]
[EventDate "2005.07.09"]
[EventType "swiss"]
[EventRounds "10"]
[EventCountry "CAN"]
[SourceTitle "CBM 107 Extra"]
[Source "ChessBase"]
[SourceDate "2005.09.01"]
[SourceVersion "1"]
[SourceVersionDate "2005.09.01"]
[SourceQuality "1"]

1. e4 e5 2. f4 exf4 3. Nf3 Nf6 4. d3 Nc6 5. Bxf4 Bc5 6. Nc3 d5 7. d4 Bb4 8. e5 Ne4 9. Bd2 O-O 10. Qe2 Bf5 11. Qe3 h6 12. Bd3 Re8 13. O-O f6 14. Nh4 fxe5 15. Nxf5 exd4 16. Nxh6+ gxh6 17. Qxh6 dxc3 18. Qg6+ Kh8 19. Rf7 Bc5+ 20. Kh1 Nf2+ 21. Rxf2 Qd7 22. Rf7 Qxf7 23. Qxf7 Re7 24. Qh5+ Kg8 25. Bxc3 Bb4 26. Qg6+ Kf8 27. Rf1+ 1-0

[Event "CAN-op"]
[Site "Edmonton CAN"]
[Date "2005.07.15"]
[Round "8"]
[White "Mattson, Dane"]
[Black "Olson, Hans"]
[Result "0-1"]
[WhiteElo "1819"]
[BlackElo "2002"]
[PlyCount "84"]
[GameId "2160767910901992"]
[EventDate "2005.07.09"]
[EventType "swiss"]
[EventRounds "10"]
[EventCountry "CAN"]
[SourceTitle "CBM 107 Extra"]
[Source "ChessBase"]
[SourceDate "2005.09.01"]
[SourceVersion "1"]
[SourceVersionDate "2005.09.01"]
[SourceQuality "1"]

1. d4 Nf6 2. c4 c5 3. d5 e6 4. Nc3 exd5 5. cxd5 d6 6. e4 g6 7. f4 Bg7 8. Bb5+ Nfd7 9. a4 O-O 10. Nge2 Na6 11. O-O Nb4 12. Ng3 a6 13. Be2 Qc7 14. Be3 Rb8 15. Qd2 Re8 16. Rac1 b6 17. Bc4 Qd8 18. Rf3 Nf6 19. h3 Re7 20. e5 Ne8 21. Nge4 Bf5 22. g4 Bxe4 23. Nxe4 b5 24. axb5 axb5 25. Bb3 Na6 26. Ra1 Ra8 27. Nxd6 Nxd6 28. exd6 Qxd6 29. Qf2 Rc8 30. f5 Rxe3 31. Rxe3 Bd4 32. Kf1 c4 33. Bd1 Bxe3 34. Qxe3 Nc5 35. Bf3 Qg3 36. Ra7 Qxh3+ 37. Kg1 Qg3+ 38. Kh1 Nd3 39. fxg6 Nf2+ 40. Qxf2 Qxf2 41. gxh7+ Kh8 42. Rxf7 Ra8 0-1